Analog fundamentals a systems approach (Registro nro. 8111)
[ vista simple ]
| 000 -CABECERA | |
|---|---|
| campo de control de longitud fija | 00857nam a22003017a 4500 |
| 005 - FECHA Y HORA DE ACTUALIZACIÓN | |
| campo de control | 20211118123801.0 |
| 008 - LONGITUD FIJA | |
| campo de control de longitud fija | 160520b xxu||||| |||| 00| 0 spa d |
| 020 ## - INTERNATIONAL STANDARD BOOK NUMBER | |
| Número Internacional Estándar del Libro | 9780132933940 |
| 041 ## - IDIOMA | |
| Código de idioma del texto/pista de sonido o título separado | |
| 082 ## - CLASIFICACIÓN DECIMAL DEWEY | |
| Número de clasificación | 621.381.5 F645a |
| 100 ## - AUTOR PERSONAL | |
| Nombre de persona | Floyd, Thomas L. |
| 100 ## - AUTOR PERSONAL | |
| Nombre de persona | Buchla, David |
| 245 ## - TÍTULO PROPIAMENTE DICHO | |
| Título | Analog fundamentals a systems approach |
| 260 ## - PIE DE IMPRENTA | |
| Lugar de publicación, distribución, etc. | Estados Unidos |
| 260 ## - PIE DE IMPRENTA | |
| Nombre del editor, distribuidor, etc. | Pearson Educación |
| 260 ## - PIE DE IMPRENTA | |
| Fecha de publicación, distribución, etc. | 2013 |
| 300 ## - DESCRIPCIÓN FÍSICA | |
| Extensión | 769 páginas |
| 650 ## - Materia General | |
| Materia general | CIRCUITOS ELECTRÓNICOS |
| 650 ## - Materia General | |
| Materia general | CONCEPTOS ANALÓGICOS |
| 650 ## - Materia General | |
| Materia general | DIODOS |
| 650 ## - Materia General | |
| Materia general | TRANSISTORES |
| 650 ## - Materia General | |
| Materia general | AMPLIFICADORES OPERACIONALES |
| 650 ## - Materia General | |
| Materia general | OSCILADORES |
| 650 ## - Materia General | |
| Materia general | TEMPORIZADORES |
| 650 ## - Materia General | |
| Materia general | REGULADORES DE VOLTAJE |
| 650 ## - Materia General | |
| Materia general | CIRCUITOS DE COMUNICACIÓN |
| 942 ## - Punto de Acceso Adicional Koha | |
| Tipo de ítem Koha | Libro |
| Estado perdido | Estado dañado | No para préstamo | Biblioteca permanente | Biblioteca actual | Signatura completa | Código de barras | Precio efectivo a partir del | Tipo de ítem |
|---|---|---|---|---|---|---|---|---|
| Departamento de Biblioteca y Documentación Alfonso Chase Brenes | Departamento de Biblioteca y Documentación Alfonso Chase Brenes | 621.381.5 F645a | 20693 | 20/05/2016 | Libro |